Financiamiento de las Cadenas Agrícolas de Valor /
Zapisane w:
| 1. autor: | |
|---|---|
| Kolejni autorzy: | |
| Format: | Texto |
| Język: | Spanish |
| Wydane: |
San José:
Academia de centroamérica. FAO. RUTA. Serfirural
|
| Hasła przedmiotowe: | |
| Etykiety: |
Dodaj etykietę
Nie ma etykietki, Dołącz pierwszą etykiete!
|
MARC
| LEADER | 00000 a a2200000 04500 | ||
|---|---|---|---|
| 001 | 37922 | ||
| 003 | cru IIS | ||
| 005 | 20221122100837.0 | ||
| 008 | 221122b |||||||| |||| 00| 0 spa d | ||
| 020 | |a 9977-21-073-5 | ||
| 040 | |c cru IIS | ||
| 090 | |a 07.05.03 Q8f | ||
| 100 | |a Quirós, Rodolfo | ||
| 245 | |a Financiamiento de las Cadenas Agrícolas de Valor / |c Rodolfo Quirós | ||
| 260 | |a San José: |b Academia de centroamérica. FAO. RUTA. Serfirural | ||
| 300 | |a 165 p. | ||
| 650 | |a SEMINARIOS | ||
| 650 | |a FINANCIMIENTO | ||
| 650 | |a AGRICULTURA | ||
| 650 | |a PRODUCTORES | ||
| 650 | |a ALIMENTACION | ||
| 650 | |a INSTITUCIONES FINANCIERAS | ||
| 650 | |a ASISTENCIA TECNICA | ||
| 650 | |a COMPETETIVIDAD | ||
| 650 | |a PRODUCCION | ||
| 650 | |a FINANCIAMIENTO | ||
| 700 | |a ed. | ||
| 942 | |2 ddc |c LI | ||
| 999 | |c 17727 |d 17727 | ||
